The americans : (Record no. 6101)

MARC details
000 -LEADER
fixed length control field 00522cam a2200193ua 4500
001 - CONTROL NUMBER
control field 6964
005 - DATE AND TIME OF LATEST TRANSACTION
control field 20260515114133.0
008 - FIXED-LENGTH DATA ELEMENTS--GENERAL INFORMATION
fixed length control field 141117n ii |||gr||||Z||||||eng
040 ## - CATALOGING SOURCE
Transcribing agency MAIN
041 ## - LANGUAGE CODE
Language code of text/sound track or separate title eng
082 ## - DEWEY DECIMAL CLASSIFICATION NUMBER
Classification number 970
100 ## - MAIN ENTRY--PERSONAL NAME
Personal name Handlin, Oscar,
Relator term Author.
245 1# - TITLE STATEMENT
Title The americans :
Remainder of title New history of the people of the united states /
Statement of responsibility, etc. By Oscar Handlin .
250 ## - EDITION STATEMENT
Edition statement 1st.
260 ## - PUBLICATION, DISTRIBUTION, ETC.
Place of publication, distribution, etc. Delhi:
Name of publisher, distributor, etc. Sterling publishers ltd.,
Date of publication, distribution, etc. 1967.
300 ## - PHYSICAL DESCRIPTION
Extent xii,434p.
653 ## - INDEX TERM--UNCONTROLLED
Uncontrolled term History of North America
942 ## - ADDED ENTRY ELEMENTS (KOHA)
Koha item type Books
Holdings
Withdrawn status Lost status Damaged status Not for loan Home library Current library Shelving location Date acquired Total checkouts Full call number Barcode Date last seen Copy number Price effective from Koha item type
        Naharkatiya College Library Naharkatiya College Library General stacks 09/19/2020   970 | HAN 4015 09/19/2020 1 09/19/2020 Books